Central Library OPAC University of Rajshahi

A Textbook Of Nuclear Physics / (Record no. 10427)

MARC details
000 -LEADER
fixed length control field 00714nam a22002411 4500
001 - CONTROL NUMBER
control field 10427
003 - CONTROL NUMBER IDENTIFIER
rucl marc code BD-RjUL
005 - DATE AND TIME OF LATEST TRANSACTION
control field 20211208234941.0
008 - FIXED-LENGTH DATA ELEMENTS--GENERAL INFORMATION
fixed length control field 140123s1965 enkaf b 001 0 eng
035 ## - SYSTEM CONTROL NUMBER
System control number (BD-RjUL)10475
040 ## - CATALOGING SOURCE
Original cataloging agency DLC/ICU
Transcribing agency ICU
Modifying agency DLC
-- BD-RjUL
Language of cataloging eng
041 ## - LANGUAGE CODE
Language code of text/sound track or separate title eng
082 00 - DEWEY DECIMAL CLASSIFICATION NUMBER
Classification number 539.7
Author mark and year SMT 1965
100 1# - MAIN ENTRY--PERSONAL NAME
Personal name Smith, C. M. H.
Fuller form of name (Colin Michael Holt)
9 (RLIN) 32218
245 12 - TITLE STATEMENT
Title A Textbook Of Nuclear Physics /
Statement of responsibility, etc. C.M.H. Smith.
250 ## - EDITION STATEMENT
Edition statement [1st ed.].
260 ## - PUBLICATION, DISTRIBUTION, ETC. (IMPRINT)
Place of publication, distribution, etc. Oxford ;
-- New York :
Name of publisher, distributor, etc. Pergamon Press ,
Date of publication, distribution, etc. c1965
300 ## - PHYSICAL DESCRIPTION
Pagination xvi, 822 p. :
Illustrations ill. ;
Size 23 cm.
504 ## - BIBLIOGRAPHY, ETC. NOTE
Bibliography, etc Includes bibliographies and index.
650 #0 - SUBJECT ADDED ENTRY--TOPICAL TERM
Topical term or geographic name as entry element Nuclear physics.
9 (RLIN) 32219
942 ## - ADDED ENTRY ELEMENTS (KOHA)
Source of classification or shelving scheme Dewey Decimal Classification
Koha item type Books
Holdings
Lost status Source of classification or shelving scheme Damaged status Not for loan Collection code Permanent Location Current Location Shelving location Date acquired Source of acquisition Cost, normal purchase price Total Checkouts Full call number Date last seen Copy number Koha item type
  Dewey Decimal Classification   Not For Loan Non-fiction Central Library, University of Rajshahi Central Library, University of Rajshahi Reading Room 14/11/1968 Zeitlinger 139.00   539.7 SMT 1965 02/04/2017 C-1 Books
  Dewey Decimal Classification     Non-fiction Central Library, University of Rajshahi Central Library, University of Rajshahi   14/01/1974 U.S. Govt.     539.7 SMT 1965 11/05/2017 C-2 Books
  Dewey Decimal Classification     Non-fiction Central Library, University of Rajshahi Central Library, University of Rajshahi   14/01/1974 U.S.govt.     539.7 SMT 1965 11/05/2017 C-3 Books
  Dewey Decimal Classification     Non-fiction Central Library, University of Rajshahi Central Library, University of Rajshahi   11/05/2017 U.S.govt.     539.7 SMT 1965 11/05/2017 C-4 Books
  Dewey Decimal Classification     Non-fiction Central Library, University of Rajshahi Central Library, University of Rajshahi   14/01/1974 U.S.govt.     539.7 SMT 1965 11/05/2017 C-5 Books
  Dewey Decimal Classification     Non-fiction Central Library, University of Rajshahi Central Library, University of Rajshahi   14/01/1974 U.S.govt.     539.7 SMT 1965 11/05/2017 C-6 Books
  Dewey Decimal Classification     Non-fiction Central Library, University of Rajshahi Central Library, University of Rajshahi   14/01/1974 U.S.govt.     539.7 SMT 1965 11/05/2017 C-7 Books
  Dewey Decimal Classification     Non-fiction Central Library, University of Rajshahi Central Library, University of Rajshahi   14/01/1974 U.S.govt.     539.7 SMT 1965 11/05/2017 C-8 Books
  Dewey Decimal Classification     Non-fiction Central Library, University of Rajshahi Central Library, University of Rajshahi   14/01/1974 U.S.govt.     539.7 SMT 1965 11/05/2017 C-9 Books
  Dewey Decimal Classification     Non-fiction Central Library, University of Rajshahi Central Library, University of Rajshahi   14/01/1974 U.S.govt.     539.7 SMT 1965 11/05/2017 C-10 Books